Modelling corporate default diplomová práca

Na minha lista:
Detalhes bibliográficos
Autor principal: Bednárová, Barbora
Autor Corporativo: Národohospodárska fakulta EU. Katedra financií
Outros Autores: Káčer, Marek, 1976-
Formato: Livro
Idioma:inglês
Publicado em: Bratislava 2017
Tags: Adicionar Tag
Sem tags, seja o primeiro a adicionar uma tag!

MARC

LEADER 00000nbm a2200000 4500
001 0231878
005 20240913101105.1
041 0 |a eng 
044 |a SK 
245 1 0 |a Modelling corporate default  |b diplomová práca  |c Barbora Bednárová ; školiteľ: Marek Káčer 
264 1 |a Bratislava  |c 2017 
300 |a 31 s. 
100 1 |a Bednárová, Barbora 
700 1 |a Káčer, Marek, 1976- 
710 2 |a Národohospodárska fakulta EU. Katedra financií